000 00482nam a2200157 i 4500
001 52535
003 ES-MaACL
007 t|
008 030901s1967 sp ||||1| spa d
100 0 _aDávila, Sancho,
_cConde de Villafuente Bermeja
_942938
245 1 0 _aJosé Antonio, Salamanca y otras cosas... /
_cSancho Dávila.
260 _aMadrid :
_bAfrodisio Aguado,
_c[1967]
300 _a148 p. ;
_c19 cm.
852 _aES-MaACL
_jE-2533
_bR.63233
999 _c52535
_d52535